000 00554nam a2200193Ia 4500
999 _c20150
_d20150
003 OSt
005 20200629112943.0
008 190216s9999||||xx |||||||||||||| ||und||
020 _a0521077915
040 _coclc
082 _a930
_bEDW/C
100 _aEdwards, I E S
_93299
245 4 _aThe Cambridge Ancient History /
_cI E S Edwards ; C J Gadd ; N G L Hammond
250 _a3rd Ed.
260 _bCambridge Uty Press,
_c1985.
_aLondon:
300 _a1113p
650 _aHistory
942 _cBK
_2ddc
_h930
_iEDW/C
_k930
_mEDW/C